<?xml version="1.0" encoding="UTF-8"?>
<marc:record xmlns:marc="http://www.loc.gov/MARC21/slim">
   <marc:leader>00000nam a2200000 a 4500</marc:leader>
   <marc:datafield ind1="1" ind2=" " tag="100">
      <marc:subfield code="a">Brecht, Bertolt</marc:subfield>
      <marc:subfield code="4">aut</marc:subfield>
      <marc:subfield code="e">Verfasser/-in</marc:subfield>
   </marc:datafield>
   <marc:datafield ind1=" " ind2=" " tag="653">
      <marc:subfield code="a">Lyrik</marc:subfield>
   </marc:datafield>
   <marc:datafield ind1="0" ind2="0" tag="245">
      <marc:subfield code="a">Liebesgedichte</marc:subfield>
   </marc:datafield>
   <marc:datafield ind1=" " ind2="1" tag="264">
      <marc:subfield code="b">Suhrkamp</marc:subfield>
      <marc:subfield code="c">2006</marc:subfield>
   </marc:datafield>
   <marc:datafield ind1="1" ind2=" " tag="520">
      <marc:subfield code="a">Die vorliegende Auswahl enthält nicht nur alle »klassischen« Liebesgedichte Bertolt Brechts, sondern auch seine »priapeischen« Gedichte sowie die unter Bezug auf bestimmte Geliebte zurückgehaltenen Werke. In chronologischer Anordnung liefern diese Gedichte eine beeindruckende Fülle von Aspekten irdischer wie himmlischer Liebe, aufgeschrieben von einem Jüngling, der über das Thema schrieb, als er zu schreiben – und zu lieben – anfing. 
</marc:subfield>
   </marc:datafield>
   <marc:datafield ind1="3" ind2=" " tag="024">
      <marc:subfield code="a">3518457950</marc:subfield>
   </marc:datafield>
</marc:record>
